000 00310nam a22001337a 4500
020 _a0-7445-7782-9
082 _a823
_bMCN/W
100 _aMCNAUGHTON , COLIN
245 _aWHO'S BEEN SLEEPING IN MY PORRIDGE
260 _aLONDON
_bWALKER BOOKS LTD
_c2000
300 _a124
520 _aSHORT STORY
942 _cBK
999 _c6451
_d6451